000 00286nam a2200121Ia 4500
005 20251222140059.0
008 251222s1900||||xx |||||||||||||| ||spa||
082 _a160/M64L
100 _aMiro Quesada, Francisco
245 0 _aLógica 1:
264 _bIgnacio Prado Pastor
942 _cLIB
999 _c3884
_d3884